Aqwālunā wa-afʻālunā /

Saved in:

Main Author: Kurd ʿAlī, Muḥammad, 1876-1953 (Author)

Format: Book

Language: Arabic

Published: al-Qāhirah : Īsá al-Bābī al-Ḥalabī, [1946].

Subjects:

Tags: Add Tag

No Tags, Be the first to tag this record!

Call Number: PJ7842 .U7 A65 1946

LEADER 01087nam a2200241Ia 4500
003 OSt
005 20231204131813.0
008 130303s1946 ua 000 0 ara d
952 |0 0  |1 0  |2 lcc  |4 0  |6 PJ7842 U7 A65 01946  |7 1  |9 57271  |a ARCE  |b ARCE  |d 2023-12-04  |l 0  |o PJ7842 .U7 A65 1946  |p 1020843  |r 2023-12-04 00:00:00  |w 2023-12-04  |y BK 
999 |c 27524  |d 27524 
040 |c ARCE Library 
050 4 |a PJ7842 .U7 A65 1946 
100 1 |6 880-01  |a Kurd ʿAlī, Muḥammad,  |d 1876-1953,  |e author 
245 1 0 |6 880-02  |a Aqwālunā wa-afʻālunā /   |c bi-qalam Muḥammad Kurd ʻAlī. 
264 1 |a al-Qāhirah :   |b Īsá al-Bābī al-Ḥalabī,   |c [1946]. 
300 |a 431 pages ;   |c 24 cm. 
500 |a Essays. 
650 0 |a Arabic essays.  
650 0 |a Civilization, Arab. 
880 1 |6 100-01/(3/r  |a كرد علي، محمد،‪‪‪‪‪‪‪‪‪‪‪‪‪‪‪‪‪‪‪‪‪‪‪‪‪‪‪‪‪‪‪‪‪‪‪‪‪‪‪‪‪‪‪‪‪‪‪‪  |d 1876-1953. 
880 1 0 |6 245-02/(3/r  |a أقوالنا و أفعالنا   |c بقلم محمد كرد علي 
901 |a reviewed 
942 |c BK  |2 lcc